000 00732nam a2200205Ia 4500
005 20241216011355.0
008 190429s9999||||xx |||||||||||||| ||und||
082 _a370.152
_bC27
100 _aCHAVEZ MACURI JUAN CARLOS, ROSALES CURI LUZ MARIA
245 0 _aLOS PROCESOS COGNITIVOS Y APRENDIZAJE SIGNIFICATIVO EN LOS NIÑOS DE LA INSTITUCION EDUCATIVA N". 34248 DOS DE MAYO DE CHONTABAMBA
250 _a0
260 _aCERRO DE PASCO-PERU
_bUNDAC
_c2009
300 _a90 pag.
_c30 cm.
341 _h0
490 _v0
_a0
505 _aPLANTEAMIENTO DEL PROBLEMA/MARCO TEORICO/METODOLOGIA DE ESTUDIO/RESULTADOS Y DISCUSION
541 _aD
_bCHAVEZ MACURI JUAN CARLOS
_d21-Oct-09
_oSoles
650 _aEducación
942 _cTESIS
999 _c40108
_d40108